LIBRARY & INFORMATION CENTRE, KCAET, TAVANUR

ONLINE PUBLIC ACCESS CATALOGUE (OPAC)

Normal view MARC view
  • Ryall, Lloyd A

Entry Personal Name

Number of records used in: 2

001 - CONTROL NUMBER

  • control field: 93

003 - CONTROL NUMBER IDENTIFIER

  • control field: OSt

005 - DATE AND TIME OF LATEST TRANSACTION

  • control field: 20140703121132.0

008 - FIXED-LENGTH DATA ELEMENTS

  • fixed length control field: 140703|| aca||aabn | a|a d

040 ## - CATALOGING SOURCE

  • Original cataloging agency: OSt
  • Transcribing agency: OSt

100 ## - HEADING--PERSONAL NAME

  • Personal name: Ryall, Lloyd A

670 ## - SOURCE DATA FOUND

  • Source citation: Work cat.: (OSt): Ryall, Lloyd A, Handling, transportation and storage of fruits and vegetables, Vol.2 : fruits and tree nuts, 2014
free website counter